Detalles MARC
| 000 -ENCABEZADO |
| Número de control [NR] |
02584nam a2200361Ia 4500 |
| 005 - FECHA Y HORA DE LA ÚLTIMA TRANSACCIÓN |
| control field |
20140731200105.0 |
| 008 - DE LONGITUD FIJA DE DATOS DE ELEMENTOS - INFORMACIÓN GENERAL |
| Elementos de longitud fija [NR] |
130821s1995 xxu g q mlmul d |
| 040 ## - FUENTE DE CATALOGACION [NR] |
| Agencia de catalogación original [NR] |
CO-BoUCM |
| Idioma de catalogación [NR] |
spa |
| Quien Cataloga |
|
| Quien Clasifica |
[Nuevo] |
| 041 ## - CODIGO DE IDIOMA [R] |
| Código de idioma para texto/pista de sonido o título separado [R] |
Inglés |
| 041 ## - CODIGO DE IDIOMA [R] |
| Código de idioma para texto/pista de sonido o título separado [R] |
Francés |
| 092 ## - SIGNATURA TOPOGRAFICA LOCAL |
| Número de clasificación local |
DVD 0055 |
| 245 04 - MENCION DE TITULO [NR] |
| Título [NR] |
The Bridges of Madison County |
| Mención de responsabilidad, etc. [NR] |
Clint Eastwood, director |
| Medio físico [NR] |
[DVD] |
| 246 13 - FORMA VARIANTE DEL TITULO [R] |
| Título propiamente dicho/forma breve del título [NR] |
Los puentes de Madison |
| 260 ## - PUBLICACION, DISTRIBUCION, ETC. (PIE DE IMPRENTA) [R] |
| Lugar de publicación, distribución, etc. [R] |
Burbank (California, Estados Unidos) |
| Nombre del editor, distribuidor, etc. [R] |
Warner Bros. Pictures |
| Fecha de publicación, distribución, etc. [R] |
1995 |
| 300 ## - DESCRIPCION FISICA [R] |
| Extensión [R] |
1 DVD, 135 minutos |
| Otros detalles físicos [NR] |
imagen, sonido, color |
| 500 ## - NOTA GENERAL [R] |
| Nota general [NR] |
SINOPSIS: En el otoño de 1965, Robert Kincaid, fotógrafo del National Geographic, se traslada a Madison, Iowa, para realizar un reportaje sobre sus famosos puentes. Al llegar al lugar, conoce a Francesca, una granjera cuyo marido e hijos se encuentran de viaje. Aunque no tienen nada en común, se enamoran. Clint Eastwood es el director, protagonista y productor de este título, todo un éxito tanto de crítica como de público en los años 90. Otro punto a destacar es que Eastwood, que ha sido el prototipo del hombre duro en el cine, consigue reflejar la perspectiva femenina en este melodrama romántico |
| 508 ## - NOTA DE CREDITOS DE CREACION/PRODUCCION [R] |
| Nota de créditos de creación/producción [NR] |
CRÉDITOS: Dirigida y producida por Clint Eastwood ; guion por Richard LaGravenese ; música por Lennie Niehaus ; fotografía por Jack N. Green ; diseño de producción por Jeannine Oppewall ; dirección de arte por William Arnold ; ambientación por Jay Hart ; vestuario por Colleen Kelsall ; maquillaje por Mike Hancock |
| 511 0# - NOTA DE PARTICIPANTE O INTERPRETE [R] |
| Nota de participante o intérprete [NR] |
REPARTO: Clint Eastwood, Meryl Streep, Annie Corley, Victor Slezak, Jim Haynie, Phyllis Lyons, Debra Monk, Richard Lage, Michelle Benes, Sarah Kathryn Schmitt |
| 520 ## - NOTA DE RESUMEN, ETC. [R] |
| Nota de sumario, etc. [NR] |
Basada en la novela "Los puentes de Madison Country " de Robert James Waller |
| 546 ## - NOTA DE IDIOMA [R] |
| Nota de idioma [NR] |
Audio en inglés y francés. Subtítulos en inglés, francés y español |
| 650 04 - ASIENTO SECUNDARIO DE MATERIA - TERMINO TEMATICO [R] |
| Término temático o nombre geográfico como elemento de entrada [NR] |
Amor en el cine |
| Subdivisión de forma [R] |
DVD |
| 9 (RLIN) |
57043 |
| 650 04 - ASIENTO SECUNDARIO DE MATERIA - TERMINO TEMATICO [R] |
| Término temático o nombre geográfico como elemento de entrada [NR] |
Entretenimiento |
| 9 (RLIN) |
26487 |
| 650 04 - ASIENTO SECUNDARIO DE MATERIA - TERMINO TEMATICO [R] |
| Término temático o nombre geográfico como elemento de entrada [NR] |
Literatura estadounidense |
| 9 (RLIN) |
18653 |
| 650 04 - ASIENTO SECUNDARIO DE MATERIA - TERMINO TEMATICO [R] |
| Término temático o nombre geográfico como elemento de entrada [NR] |
Literatura estadounidense |
| Subdivisión de forma [R] |
DVD |
| 9 (RLIN) |
18653 |
| 650 04 - ASIENTO SECUNDARIO DE MATERIA - TERMINO TEMATICO [R] |
| Término temático o nombre geográfico como elemento de entrada [NR] |
Películas cinematográficas |
| Subdivisión de forma [R] |
DVD |
| 9 (RLIN) |
7903 |
| 650 04 - ASIENTO SECUNDARIO DE MATERIA - TERMINO TEMATICO [R] |
| Término temático o nombre geográfico como elemento de entrada [NR] |
Películas cinematográficas |
| Subdivisión de forma [R] |
DVD |
| -- |
Versiones cinematográficas |
| 9 (RLIN) |
63431 |
| 700 1# - ASIENTO SECUNDARIO - NOMBRE PERSONAL [R] |
| Nombre personal [NR] |
Eastwood, Clint |
| Término de relación [R] |
director |
| 9 (RLIN) |
60839 |
| 710 2# - ASIENTO SECUNDARIO - NOMBRE CORPORATIVO [R] |
| Nombre corporativo o de jurisdicción como elemento de entrada [NR] |
Warner Bros. Pictures |
| 9 (RLIN) |
41920 |
| 710 2# - ASIENTO SECUNDARIO - NOMBRE CORPORATIVO [R] |
| Nombre corporativo o de jurisdicción como elemento de entrada [NR] |
Amblin/Malpaso |
| 9 (RLIN) |
63498 |
| 765 0# - ASIENTO DE IDIOMA ORIGINAL [R] |
| Asiento principal [NR] |
The Bridges of Madison County |
| 856 40 - LOCALIZACION Y ACCESO ELECTRONICOS [R] |
| Identificador Uniforme del Recurso (“URI”) [R] |
<a href="http://www.youtube.com/watch?v=Up-oN4NtvbM">http://www.youtube.com/watch?v=Up-oN4NtvbM</a> |
| Nota dirigida al público [R] |
Siga este enlace para ver el trailer |
| -- |
Trailer tomado del canal MOVIECLIPS Classic Trailers vía YouTube.com |
| 942 ## - ELEMENTOS DE ENTRADA AGREGADOS (KOHA) |
| Koha item type |
Multimedia |
| Source of classification or shelving scheme |
LOCAL |
| Tema principal |
Entretenimiento |
| Edition |
1 |
| Classification part |
DVD 0055 |